Legal Aptitude for the CLAT and other LAW entrance examinations: (Record no. 161292)

MARC details
000 -LEADER
fixed length control field 00755nam a22001937a 4500
005 - DATE AND TIME OF LATEST TRANSACTION
control field 20190223144847.0
010 ## - LCCN (DPL NO)
LC control number B-713300
020 ## - INTERNATIONAL STANDARD BOOK NUMBER
International Standard Book Number 9789332519787
Terms of availability 450.00
035 ## - SYSTEM CONTROL NUMBER
System control number B-713300
037 ## - SOURCE OF ACQUISITION
Source of stock number/acquisition RK Books
082 ## - DEWEY DECIMAL CLASSIFICATION NUMBER
Classification number 340
100 ## - MAIN ENTRY--PERSONAL NAME
Personal name Bhardwaj, A.P.
245 ## - TITLE STATEMENT
Title Legal Aptitude for the CLAT and other LAW entrance examinations:
Remainder of title a workbook /
Statement of responsibility, etc A.P. Bhardwaj
260 ## - PUBLICATION, DISTRIBUTION, ETC. (IMPRINT)
Place of publication, distribution, etc Noida
Name of publisher, distributor, etc Pearson
Date of publication, distribution, etc 2018
270 ## - ADDRESS
Address 15th Floor, Tower-B, World Trade Tower, Plot No.1, Sector 16
City Noida (U.P.)
Postal code 201301
300 ## - PHYSICAL DESCRIPTION
Extent various pagings
Dimensions 23cm(pbk)
942 ## - ADDED ENTRY ELEMENTS (KOHA)
Source of classification or shelving scheme Dewey Decimal Classification
Item type English Books
Call number suffix BHA
Classification part 340
Holdings
Withdrawn status Lost status Not for loan Collection code Home library Current library Date acquired Source of acquisition Cost, normal purchase price Full call number Barcode Copy number Cost, replacement price Koha item type
      Non-fiction Ashok Vihar Ashok Vihar 22/02/2019 RK Books/IN3260/18-19/12-02-19/569/05-02-19/19-02-19 450.00 340 BHA B-713300 1 450.00 English Books

© Delhi Public Library
Hit Counter
free hit counter